000 00685nam a2200289Ia 4500
005 20260324141118.0
008 008 260324s9999 xx 000 0 eng d
020 _a9781315789408
037 _aEBOOK
040 _aCRL
040 _beng
040 _cCRL
041 _2eng
041 _aeng
084 _qCRL
100 _aA.A.J. Marley
_91206965
245 0 _aChoice, Decision, and Measurement
245 0 _bEssays in Honor of R. Duncan Luce
260 _bTaylor and Francis
260 _c1997
365 _a
365 _b220
856 _uhttp://www.taylorfrancis.com/books/9781315789408
942 _cEBOOK
999 _c1809719
_d1809719